000 00733nam a2200241Ia 4500
003 OSt
005 20220926021829.0
006 a|||||r|||| 00| 0
007 ta
008 220923b |||||||| |||| 00| 0 eng d
037 _cGeneral Book
040 _aRTL
_cRTL
_beng
041 _2eng
_aeng
082 _aX9(M318:J38).N81, M1/UN
110 _aUNITED NATIONS
245 0 _aInformation sources on the flour milling and the bokery products industries.
260 _aNew York
_bUnited Nations
_c1981
300 _axii;100p.
_ccm.
500 _a(UNIDO guides to information sources; no.39)
700 _aUNITED NATIONS
942 _hX9(M318:J38).N81, M1/UN
_cGB
_2CC
999 _c637786
_d637786